000 00688nam a2200277Ia 4500
005 20260324122535.0
008 008 260324s9999 xx 000 0 eng d
020 _a9780429073762
037 _aEBOOK
040 _aCRL
040 _beng
040 _cCRL
041 _2eng
041 _aeng
084 _qCRL
100 _aVladimir Davydovich Blank; Emmanuel Isakovich Estrin
_91166840
245 0 _aPhase Transitions in Solids Under High Pressure
260 _bTaylor and Francis
260 _c2013
365 _a
365 _b400
856 _uhttp://www.taylorfrancis.com/books/9780429073762
942 _cEBOOK
999 _c1759673
_d1759673